header

Consumerism, romance, and the wedding experience (Record no. 206395)

MARC details
000 -LEADER
fixed length control field 01436nam a22003494a 4500
082 04 - DEWEY DECIMAL CLASSIFICATION NUMBER
Classification number 395.2/2
100 1# - MAIN ENTRY--AUTHOR NAME
Personal name Boden, Sharon,
245 10 - TITLE STATEMENT
Title Consumerism, romance, and the wedding experience
260 ## - PUBLICATION, DISTRIBUTION, ETC. (IMPRINT)
Place of publication Houndmills, Basingstoke, Hampshire ;
-- New York :
Name of publisher Palgrave Macmillan,
Year of publication 2003.
300 ## - PHYSICAL DESCRIPTION
Number of Pages xi, 195 p. :
Other physical details ill.
650 #0 - SUBJECT ADDED ENTRY--TOPICAL TERM
Topical Term Weddings
Topical Term Weddings
Topical Term Marriage in popular culture
Topical Term Consumption (Economics)
856 40 - ELECTRONIC LOCATION AND ACCESS
Uniform Resource Identifier http://site.ebrary.com/lib/rucke/Doc?id=10103734

No items available.

© 2026 Rongo University
Contact us: librarian | system librarian | Rongo university